000 00463nam a2200169Ia 4500
001 55922
008 080101n ii |||gr||||Z||||||465
020 _a81-7110-245-X (Vol-11)
082 _a294.59218
100 _aJoshi,
_eK.L.,
245 0 _a112 UPANISADS
_cEd.K.L.Joshi,O.N.Bimali,Bindiya Trivedi
_hTextual Documents
260 _aDelhi:
_bParimal Publications.
300 _a651p:
_c24cm.
653 _aReligion
653 _aDept-Sanskrit
942 _2ddc
_cBK
999 _c55846
_d55846